• 首页
  • 本馆介绍
  • 公告通知
  • 最新文献
  • 馆藏检索
  • 电子资源
  • 读者导购
  • 参考咨询
  • 我的图书馆
  • 登录
  • 详细信息显示
  • 放入我的书架
  • 预约/预借图书
  • 作者相关作品
  • 分类相关作品
  • 丛书相关作品
  • 出版社相关作品

书目信息

  • 表格格式
  • 工作单格式
  • 卡片格式
题名:
南斯拉夫经济情况介绍
    
 
作者: ;《世界经济》编辑部 编
分册:  
出版信息: 北京   中国财政经济出版社  1978
页数: 102页
开本: 19cm
丛书名:
单 册:
中图分类: F543.4
科图分类:
主题词: 经济--南斯拉夫 , 陆路运输--运输经济 , 公路运输--运输经济
电子资源:
ISBN:
000 00759nam0 2200253 45
001 0178001699
005 20060801093205.75
010    @dCNY0.35
091    @a4166.090
100    @a19950714d1978 em y0chiy0121 ea
101 0  @achi
102    @aCN@b110000
105    @ay z 000yy
200 10 @a南斯拉夫经济情况介绍@Anan si la fu jing ji qing kuang jie shao@f《世界经济》编辑部编@F《shi jie jing ji》bian ji bu bian
210    @a北京@c中国财政经济出版社@d1978
215    @a102页@d19cm
300    @a国内发行
606    @a经济@y南斯拉夫
606 0  @a陆路运输@x运输经济
606 0  @a公路运输@x运输经济
690    @aF543.4
711  0 @a《世界经济》编辑部@A《shi jie jing ji》bian ji bu@4编
801  0 @aCN@bNLC@c20060801
905    @f1@b10340@dF543.4@e3
    
    南斯拉夫经济情况介绍/《世界经济》编辑部编.-北京:中国财政经济出版社,1978
    102页;19cm
    国内发行
    
    ISBN :CNY0.35
    
●
相关链接 在E读中查询图书 在五车中查询图书 在当当中查询图书 在豆瓣中查询图书


正题名:南斯拉夫经济情况介绍     索取号:F543.4/3         预约/预借

序号 登录号 条形码 馆藏地/架位号 状态 备注
1 0010340   000997684   第一借阅区/ [索取号:F543.4/3] 在馆    
2 0010341   202167421   密集书库/ [索取号:F543.4/3] 在馆    
3 0440963   204409639   密集书库/ [索取号:F543.4/3] 在馆    
4 0440964   204409648   密集书库/ [索取号:F543.4/3] 在馆    
5 0440965   204409657   密集书库/ [索取号:F543.4/3] 在馆    
唐山师范学院图书馆 欢迎您!
大连网信软件有限公司© 版权所有